|
|
|
|
| LEADER |
00759nam a22002172a 4500 |
| 001 |
001315159 |
| 003 |
CZ BrMZK |
| 005 |
20130804153849.0 |
| 007 |
ta |
| 008 |
130804s1969 gw f er|||||||||||ger d |
| 040 |
|
|
|a BOA001
|b cze
|
| 100 |
1 |
|
|a Fleckenstein, Erwin
|4 dis
|
| 245 |
1 |
0 |
|a Über Redoxsysteme und Radikalkationen mit aromatischer Brücke /
|c Erwin Fleckenstein
|
| 260 |
|
|
|a Würzburg :
|b E. Fleckenstein,
|c 1969
|
| 300 |
|
|
|a 113, 4 s., příl.
|
| 502 |
|
|
|a Disertace--Bayerische Julius-Maximilians-Universität Würzburg, 1969
|
| 710 |
2 |
|
|a Bayerische Julius-Maximilians-Universität Würzburg
|7 xx0121109
|
| 910 |
|
|
|a BOA001
|b 2-0637.341
|
| 990 |
|
|
|a BK
|
| 991 |
|
|
|b 201308
|
| 996 |
7 |
|
|b 2619672356
|c 2-0637.341
|l HP2
|r DEN
|n 0
|w 001350176
|u 000010
|a 1
|e BOA001
|j MZK50
|s A
|